000 00267nam a22001097a 4500
008 170118b xxu||||| |||| 00| 0 eng d
020 _a080165419X
041 _aeng
080 _a618.2
245 _aNURSING CARE OF INFANTS AND CHILDREN
_cWHALEY & WONG
942 _2udc
_cBK
999 _c3132
_d3132